Guess The Smiths songs by the first 10 alphabetical words - Statistics

General Stats
  • This quiz has been taken 11 times
  • The average score is 10 of 15
Answer Stats
Hint Answer % Correct
again, aid, (and), Arc, (as, be), bed, Bigmouth, bludgeoned, (by), every, felt, flames, (got, ha), head. Bigmouth Strikes Again
100%
about, again, (be, because), Birmingham, blessed, burn, (but), Carlisle, constantly, (could), disco, DJ, down. Panic
88%
(a), all, (and), ask, (because), bomb, bring, buck-toothed, (can / can't, could), Coyness, days, (doing), frightening, (from), girl, how. Ask
75%
all, (and, are), away, back, bad, (because), began, (but, by) cycled, dreams, even / ever, (go, have), here, house. Back To The Old House
75%
(a, and), asked, (at, been), blushed, (but, by), Caligula, care, day, die, (do / don't), drunken, end, entwined, eye. Heaven Knows I'm Miserable Now
75%
(a), alive, (and), anymore, anywhere, ask, (at, because), both, bus, (but, by), car, care, chance, come. There Is A Light That Never Goes Out
75%
(a), about, (ah), bicycle, boy, (but), car, care, charming, complexity, desolate, (go / got) gruesome, handsome. This Charming Man
75%
(a), alone, (and), another, anymore, bad, (be), bed, better, bye, ('cause) cell, deep, (don't), feel. Asleep
63%
(a), about, all, already, (am, and, be, can), club, (could), criminally, cry, die, (do / does), else, everybody, exactly. How Soon Is Now?
63%
(a), bad, (be, can), change, dream, first, (for, get), good, (had, haven't), I('ve), (in, it), knows, let, life, long. Please Please Please Let Me Get What I Want
63%
(a), although, (am, and), anymore, anymore, (are), ask, (because), body, bother, bridge, brighter, (but, cannot), cling, days. Still Ill
50%
(a), after, all, (and), behind, believe, boy, (can), desire, (do / don't), ever, eyes, (for, go), hatred, hear. The Boy With The Thorn In His Side
50%
(a), again, (and), away, baby('s), bad, (because, been), bullied, (but), child, color, (could), cried, cure, (did / didn't), doorstep. This Night Has Opened My Eyes
50%
alive, all, (am, but), cry, (do), dying, fierce, final, gasping, half-die, hear, hoarsely. Well I Wonder
50%
(a, am, and), another, anyone, arm, bay, (be, been, before), behinds, (but, could), delicate, dust, easy, end, face. Pretty Girls Make Graves
25%
No matching quizzes found
Score Distribution
Percent of People with Each Score
Percentile by Number Answered
Your Score History
You have not taken this quiz